00538nam a2200205 a 4500001001300000003000900013005001700022008004100039020002300080082002100103100001800124245004100142260003100183300000900214500003500223505001200258650002300270650002100293700001800314nice12345678IN_TiNIC20260116012734.0050524s1992 dela grp 000 0 eng  a8185475 c27500a306.0899145bALI aAli, A F Imam aHindu-Muslim Community in Bangladesh aDelhibKanishka Pub.c1992 a291p aincludes index and biblioraphy2 aIndexes aMuslims-Bangladesh aCaste-Bangladesh1 aAli, A F Imam